00469nam a2200205Ia 4500008004100000020001800041050001400059100001900073245002800092245001900120260001500139260001600154260000900170300001600179300002700195300001000222440001700232440000600249500000800255170918s9999 xx 000 0 und d a9780439651363 bK845 2005 aKorman, Gordon aChasing the Falconers / cGordon Korman. aNew York : bScholastic, c2005 a154 pages : bcolored illustration ; c19cm. aIn the run ; v1 a680